Social Exclusion: (Record no. 182870)

MARC details
000 -LEADER
fixed length control field 00587 a2200193 4500
005 - DATE AND TIME OF LATEST TRANSACTION
control field 20211208151120.0
010 ## - LCCN (DPL NO)
LC control number ENG-130239
020 ## - INTERNATIONAL STANDARD BOOK NUMBER
Terms of availability 75.00
International Standard Book Number 978-93-80253-58-9
035 ## - SYSTEM CONTROL NUMBER
System control number EN-113771
037 ## - SOURCE OF ACQUISITION
Source of stock number/acquisition DBAD / PUB
082 ## - DEWEY DECIMAL CLASSIFICATION NUMBER
Classification number 305
100 ## - MAIN ENTRY--PERSONAL NAME
Personal name Peter, A. John
245 ## - TITLE STATEMENT
Title Social Exclusion:
Remainder of title Concept and Analysis/
Statement of responsibility, etc A. John Peter
250 ## - EDITION STATEMENT
Edition statement 2010
260 ## - PUBLICATION, DISTRIBUTION, ETC. (IMPRINT)
Place of publication, distribution, etc Dindigul
Name of publisher, distributor, etc Vaigarai Publishing House
Date of publication, distribution, etc 2010
270 ## - ADDRESS
Address Main Road
City Dindigul
Postal code 624001
Electronic mail address vaigaraibooks@gmail.com
Telephone number 0451-2430464
300 ## - PHYSICAL DESCRIPTION
Extent 144p.
Dimensions 21cm (pbk)
942 ## - ADDED ENTRY ELEMENTS (KOHA)
Institution code [OBSOLETE] dpl
Item type English Books
Source of classification or shelving scheme Dewey Decimal Classification
Classification part 305
Call number suffix PET
Holdings
Withdrawn status Lost status Not for loan Collection code Home library Current library Date acquired Source of acquisition Cost, normal purchase price Full call number Barcode Copy number Cost, replacement price Koha item type
      Non-fiction Bawana Bawana 08/12/2021 DBAD/PUB 75.00 305 PET EN-113771 1 75.00 English Books

© Delhi Public Library
Hit Counter
free hit counter